00455nam a2200181Ia 4500008004100000020001400041245002300055245002800078245005100106260001500157260001600172260000900188300001400197300002500211300001000236500000800246999001900254170705s9999 xx 000 0 und d a439140870 2aA child was born : ba first nativity book / cGrace Maccarone ; illustrated by Sam Williams. aNew York : bScholastic, c2000 aunpaged : bcolor illustration ; c19cm. a370 c335521d335521